Boggle [juego] : el juego de las palabras ocultas /

Guardado en:
Formato: Objeto Físico
Publicado: Argentina : Kipo's, [199?]
Materias:
Etiquetas: Agregar Etiqueta
Sin Etiquetas, Sea el primero en etiquetar este registro!
LEADER 00867nrm a22001695g 4500
001 CEM.cems019125
008 130507b199?##################0###0#####d
005 20220829163608.0
003 CEMS
245 0 0 |a Boggle [juego] :  |b el juego de las palabras ocultas /  |c Kipo's Los Juegos Del Mundo 
260 |a Argentina :  |b Kipo's,  |c [199?] 
300 |a 1 juego (1 base cuadricular de 16 casilleros,1 tapa plástica, 16 dados-letras, reloj de arena) ; en caja 22 x 12 x 7 cm. 
500 |a Para 2 a 8 jugadores. a partir de 10 años y adultos. objetivo:lograr la mayor cantidad de puntos posibles, formando palabras en el menor tiempo. manual de instrucciones extraviado reemplazado por el del Bigboggle. 
082 0 4 |a J793.734 
653 |a 1. juegos de formación de palabras y definiciones 
653 |a 2. juegos de palabras 
859 |a CEMS  |b BIB. CEMS - Ludoteca  |h J793.734  |i K628  |p 021.92  |t Ej.1